000 00282pab a2200133 454500
008 180718b1985 xxu||||| |||| 00| 0 eng d
245 _aFor their better tommorow
260 _c1985
300 _a33-4
362 _a16 Apr.
650 _aYouth
773 _aYojana
909 _a21086
999 _c21086
_d21086